000 01237nam a22002417a 4500
005 20240814175153.0
008 s2547 th tha d
041 _atha
245 1 0 _aพระราชบัญญัติคุ้มครองเด็ก พ.ศ. 2546
260 3 _aกรุงเทพฯ :
_bสำนักกฎหมาย สำนักงานเลขาธิการวุฒิสภา,
_c2547
300 _a1 เล่ม ;
_b 29 ซม.
650 0 4 _aการคุ้มครองเด็ก -- กฎหมายและระเบียบข้อบังคับ
650 0 4 _aคุ้มครองเด็ก (พ.ร.บ.) -- 2546
650 0 4 _aร่างพระราชบัญญัติคุ้มครองเด็ก -- การพิจารณา
650 0 4 _aสารบบกฎหมาย -- คุ้มครองเด็ก
650 0 4 _aสิทธิเด็ก (อนุสัญญา)
650 0 4 _aเด็ก -- กฎหมายและระเบียบข้อบังคับ
850 _aNALT
942 _cLB
997 _c000000000039558
998 _aARUNTHIP
_j25
_k นีลวัสน์ อินทรักษา
999 _c39558
_d39558
090 _aKS54.4 ว872พ 2547